[Event "Cesme op-A 11th"]
[Site "Izmir"]
[Date "2025.06.26"]
[Round "6"]
[White "Firat, Burak"]
[Black "Peng, Li Min"]
[Result "1/2-1/2"]
[WhiteElo "2449"]
[BlackElo "2491"]
[PlyCount "39"]
[EventDate "2025.06.23"]
[EventType "swiss"]
[EventRounds "9"]
[EventCountry "TUR"]
[SourceTitle "CB27_2025"]
[SourceDate "2025.07.02"]
[SourceVersion "1"]
[SourceVersionDate "2025.07.02"]
[SourceQuality "1"]

1. d4 d5 2. Bf4 Nf6 3. e3 e6 4. Nf3 c5 5. Nbd2 Nc6 6. c3 Bd6 7. Bg3 0-0 8. Bd3 Qe7 9. Ne5 Nd7 10. Nxd7 Qxd7 11. Bxd6 Qxd6 12. dxc5 Qxc5 13. Bxh7+ Kxh7 14. Qh5+ Kg8 15. Ne4 g6 16. Qg5 Qe7 17. Nf6+ Kg7 18. Nh5+ Kg8 19. Nf6+ Kg7 20. Nh5+ 1/2-1/2

[Event "TUR-chT"]
[Site "Ankara"]
[Date "2024.07.15"]
[Round "2.39"]
[White "Nazari, Arad"]
[Black "Firat, Burak"]
[Result "0-1"]
[WhiteElo "2389"]
[BlackElo "2437"]
[PlyCount "86"]
[EventDate "2024.07.14"]
[EventType "team-tourn"]
[EventRounds "15"]
[EventCountry "TUR"]
[SourceTitle "EXT 2025"]
[Source "ChessBase"]
[SourceDate "2024.10.14"]
[SourceVersion "1"]
[SourceVersionDate "2024.10.14"]
[SourceQuality "1"]
[WhiteTeam "Karaman Futbol"]
[BlackTeam "Alacati Satranc"]
[WhiteTeamCountry "TUN"]
[BlackTeamCountry "TUR"]

1. e4 e5 2. Nf3 Nc6 3. Bc4 Nf6 4. d3 Bc5 5. Nc3 h6 6. 0-0 a6 7. Be3 d6 8. a4 Ba7 9. h3 0-0 10. Bxa7 Rxa7 11. d4 exd4 12. Nxd4 Re8 13. Re1 Ne5 14. Ba2 c6 15. Qd2 Ra8 16. Rad1 Qb6 17. f4 Ng6 18. Kh2 Qxb2 19. Bb3 Qa3 20. Ra1 Qc5 21. a5 Qh5 22. f5 Ne5 23. Qf4 Qg5 24. Qxg5 hxg5 25. Na4 Bd7 26. Nf3 g4 27. Nxe5 Rxe5 28. Nb6 Rae8 29. Nc4 g3+ 30. Kg1 Rxe4 31. Red1 Re2 32. Nxd6 R8e7 33. Rab1 Nd5 34. Bxd5 cxd5 35. Rf1 Bc6 36. Rb3 R7e3 37. Rxe3 Rxe3 38. Rd1 Re2 39. c3 d4 40. cxd4 Rxg2+ 41. Kf1 Rh2 42. Re1 Rh1+ 43. Ke2 g2 0-1

[Event "NATO-ch 33rd"]
[Site "Portoroz"]
[Date "2023.09.07"]
[Round "5"]
[White "Firat, Burak"]
[Black "Sauer, Marko"]
[Result "1-0"]
[WhiteElo "2445"]
[BlackElo "2014"]
[PlyCount "55"]
[EventDate "2023.09.04"]
[EventType "swiss"]
[EventRounds "7"]
[EventCountry "SLO"]
[SourceTitle "CBM 216 Extra"]
[Source "ChessBase"]
[SourceDate "2023.11.30"]
[SourceVersion "1"]
[SourceVersionDate "2023.11.30"]
[SourceQuality "1"]

1. c4 Nf6 2. Nf3 e6 3. g3 d5 4. Bg2 Be7 5. 0-0 0-0 6. b3 c5 7. e3 Nc6 8. Bb2 a6 9. d4 Bd7 10. cxd5 exd5 11. dxc5 Bxc5 12. Nc3 Bg4 13. h3 Bf5 14. Nh4 Be6 15. Ne2 Be7 16. Nf4 Bc8 17. Nf3 Qa5 18. a3 Rd8 19. Qd3 Qb6 20. Rad1 Be6 21. Nxe6 fxe6 22. Ng5 e5 23. Qf5 Na5 24. Bxd5+ Rxd5 25. Rxd5 g6 26. Qxe5 Nc6 27. Qe6+ Kg7 28. Bxf6+ 1-0

[Event "TUR-chT 1st League"]
[Site "Denizli"]
[Date "2023.07.11"]
[Round "4.23"]
[White "Firat, Burak"]
[Black "Secer, Ata"]
[Result "1/2-1/2"]
[WhiteElo "2454"]
[BlackElo "2350"]
[PlyCount "44"]
[EventDate "2023.07.09"]
[EventType "team-swiss"]
[EventRounds "9"]
[EventCountry "TUR"]
[SourceTitle "CBM 215 Extra"]
[Source "ChessBase"]
[SourceDate "2023.09.30"]
[SourceVersion "1"]
[SourceVersionDate "2023.09.30"]
[SourceQuality "1"]
[WhiteTeam "Alacati Satranc"]
[BlackTeam "Guzelbahce Altyapi"]
[WhiteTeamCountry "TUR"]
[BlackTeamCountry "TUR"]

1. d4 Nf6 2. c4 g6 3. Nc3 d5 4. Nf3 Bg7 5. Bg5 Ne4 6. Bf4 Nxc3 7. bxc3 c5 8. e3 0-0 9. cxd5 cxd4 10. cxd4 Qxd5 11. Be2 Nc6 12. 0-0 Bf5 13. Qa4 Qa5 14. Qb3 Qb4 15. Rfc1 Qxb3 16. axb3 Rac8 17. h3 a6 18. g4 Bd7 19. Bf1 Nb4 20. Rc4 Nc6 21. Rcc1 Nb4 22. Rc4 Nc6 1/2-1/2

[Event "Menorca op 2nd"]
[Site "Ciutadella de Menorca"]
[Date "2023.04.12"]
[Round "3"]
[White "Firat, Burak"]
[Black "Pultinevicius, Paulius"]
[Result "1-0"]
[WhiteElo "2456"]
[BlackElo "2532"]
[PlyCount "63"]
[EventDate "2023.04.11"]
[EventType "swiss"]
[EventRounds "9"]
[EventCountry "ESP"]
[SourceTitle "CBM 213 Extra"]
[Source "ChessBase"]
[SourceDate "2023.05.31"]
[SourceVersion "1"]
[SourceVersionDate "2023.05.31"]
[SourceQuality "1"]

1. Nf3 d5 2. g3 g6 3. Bg2 Bg7 4. d4 Nf6 5. 0-0 0-0 6. c4 dxc4 7. Na3 Nc6 8. Nxc4 Be6 9. Nce5 Bd5 10. Nxc6 Bxc6 11. Bf4 a5 12. Qc1 a4 13. Rd1 Qc8 14. Be5 Rd8 15. a3 Ra6 16. Qc2 Qa8 17. Ne1 Bxg2 18. Nxg2 Rc6 19. Qd3 Bh6 20. e4 Nd7 21. Bf4 Bxf4 22. Nxf4 Nc5 23. Qe3 Nb3 24. Rab1 Qa7 25. Rd3 Rc2 26. Rbd1 Rxb2 27. Nd5 c6 28. Nxe7+ Kf8 29. Qg5 Re8 30. Qf6 Nd2 31. R1xd2 Rxd2 32. Rf3 1-0

[Event "EU-ch 23rd"]
[Site "Vrnjacka Banja"]
[Date "2023.03.04"]
[Round "2"]
[White "Sarana, Alexey"]
[Black "Firat, Burak"]
[Result "1-0"]
[WhiteElo "2668"]
[BlackElo "2471"]
[PlyCount "65"]
[EventDate "2023.03.03"]
[EventType "swiss"]
[EventRounds "11"]
[EventCountry "SRB"]
[SourceTitle "CBM 213"]
[Source "ChessBase"]
[SourceDate "2023.04.30"]
[SourceVersion "1"]
[SourceVersionDate "2023.04.30"]
[SourceQuality "1"]

1. d4 Nf6 2. c4 g6 3. Nc3 Bg7 4. e4 d6 5. Be2 0-0 6. Be3 c5 7. d5 e6 8. Nf3 exd5 9. cxd5 b5 10. e5 dxe5 11. Bxc5 Re8 12. Bxb5 Nbd7 13. Be3 Ng4 14. Qd2 e4 15. Nd4 Nde5 16. 0-0 Nxe3 17. fxe3 Bd7 18. Rac1 Bxb5 19. Ncxb5 Nd3 20. Rc2 Bxd4 21. Nxd4 Qxd5 22. Rc7 Ne5 23. Qc3 Qxa2 24. b3 Qa6 25. Nc6 Qd3 26. Ne7+ Rxe7 27. Qxd3 exd3 28. Rxe7 Nc6 29. Rexf7 Re8 30. Rd7 Nb4 31. Ra1 a6 32. Ra4 a5 33. Rxa5 1-0

[Event "Titled Tuesday intern op 14th Feb Late"]
[Site "Chess.com INT"]
[Date "2023.02.14"]
[Round "6"]
[White "Firat, Burak"]
[Black "Kavutskiy, Konstantin"]
[Result "1/2-1/2"]
[WhiteElo "2471"]
[BlackElo "2396"]
[PlyCount "107"]
[EventDate "2023.02.14"]
[EventType "swiss (blitz)"]
[EventRounds "11"]
[EventCountry "USA"]
[SourceTitle "CBM 212 Extra"]
[Source "ChessBase"]
[SourceDate "2023.03.31"]
[SourceVersion "1"]
[SourceVersionDate "2023.03.31"]
[SourceQuality "1"]

1. Nf3 Nf6 2. c4 g6 3. g3 Bg7 4. Bg2 0-0 5. 0-0 d6 6. Nc3 Nc6 7. d3 e5 8. Rb1 a5 9. a3 Re8 10. Bg5 h6 11. Bxf6 Bxf6 12. b4 axb4 13. axb4 Bg7 14. b5 Ne7 15. Nd2 c6 16. Qb3 Be6 17. bxc6 bxc6 18. Qb6 Qxb6 19. Rxb6 d5 20. cxd5 cxd5 21. Nb5 Reb8 22. Rxb8+ Rxb8 23. Nc7 Rb2 24. Rd1 Kf8 25. Nxe6+ fxe6 26. Kf1 Nc6 27. e3 Ke7 28. Nf3 Bf6 29. h4 Kd6 30. Ra1 Rb3 31. Ne1 e4 32. Rd1 exd3 33. Nxd3 Nb4 34. Nf4 g5 35. Nh5 Be5 36. hxg5 hxg5 37. Bf3 Ra3 38. Kg2 Ra1 39. Kh3 Ra2 40. Kg2 Ra1 41. Rxa1 Bxa1 42. Kh3 Nd3 43. Kg4 Nxf2+ 44. Kxg5 e5 45. Ng7 e4 46. Nf5+ Ke5 47. Bg2 d4 48. exd4+ Bxd4 49. Nxd4 Kxd4 50. g4 Nxg4 51. Kxg4 e3 52. Bf3 Kd3 53. Kf4 e2 54. Bxe2+ 1/2-1/2

[Event "Titled Tuesday intern op 14th Feb Late"]
[Site "Chess.com INT"]
[Date "2023.02.14"]
[Round "4"]
[White "Mayaud, Raphael"]
[Black "Firat, Burak"]
[Result "0-1"]
[WhiteElo "2200"]
[BlackElo "2471"]
[PlyCount "70"]
[EventDate "2023.02.14"]
[EventType "swiss (blitz)"]
[EventRounds "11"]
[EventCountry "USA"]
[SourceTitle "CBM 212 Extra"]
[Source "ChessBase"]
[SourceDate "2023.03.31"]
[SourceVersion "1"]
[SourceVersionDate "2023.03.31"]
[SourceQuality "1"]

1. d4 Nf6 2. Bg5 e6 3. e4 h6 4. Bxf6 Qxf6 5. c3 Qd8 6. Nd2 d5 7. Bd3 c5 8. exd5 Qxd5 9. Qf3 Qxf3 10. Ngxf3 Nc6 11. dxc5 Bxc5 12. 0-0 Ke7 13. Ne4 Bb6 14. Rad1 Rd8 15. Bc2 Bd7 16. Nd6 Rab8 17. Rfe1 a6 18. Nc4 Bc7 19. Nce5 Nxe5 20. Nxe5 Be8 21. f4 Rxd1 22. Rxd1 g5 23. g3 f6 24. Nd3 Bb5 25. fxg5 hxg5 26. Kg2 Bc6+ 27. Kg1 Bb6+ 28. Nf2 Rh8 29. Rd2 f5 30. Bb3 Kf6 31. Re2 e5 32. Bc4 e4 33. g4 f4 34. Kf1 Bxf2 35. Rxf2 e3 0-1

[Event "Titled Tuesday intern op 14th Feb Late"]
[Site "Chess.com INT"]
[Date "2023.02.14"]
[Round "11"]
[White "Samsonkin, Artiom"]
[Black "Firat, Burak"]
[Result "1-0"]
[WhiteElo "2425"]
[BlackElo "2471"]
[PlyCount "43"]
[EventDate "2023.02.14"]
[EventType "swiss (blitz)"]
[EventRounds "11"]
[EventCountry "USA"]
[SourceTitle "CBM 212 Extra"]
[Source "ChessBase"]
[SourceDate "2023.03.31"]
[SourceVersion "1"]
[SourceVersionDate "2023.03.31"]
[SourceQuality "1"]

1. e4 c5 2. Nf3 e6 3. Nc3 Nc6 4. Bb5 Nd4 5. 0-0 Ne7 6. Nxd4 cxd4 7. Ne2 Qb6 8. Ba4 Nc6 9. d3 Be7 10. Kh1 0-0 11. f4 f5 12. exf5 Rxf5 13. Ng3 Rf8 14. f5 e5 15. Bb3+ Kh8 16. Qg4 Na5 17. Bd5 Qc5 18. Nh5 Bf6 19. Bh6 Qe7 20. Nxf6 Qxf6 21. Bg5 Qd6 22. f6 1-0

[Event "Sitges Sunway op 9th"]
[Site "Sitges"]
[Date "2022.12.14"]
[Round "3"]
[White "Firat, Burak"]
[Black "Niemann, Hans Moke"]
[Result "0-1"]
[WhiteElo "2460"]
[BlackElo "2698"]
[PlyCount "66"]
[EventDate "2022.12.12"]
[EventType "swiss"]
[EventRounds "10"]
[EventCountry "ESP"]
[SourceTitle "CBM 211 Extra"]
[Source "ChessBase"]
[SourceDate "2023.01.31"]
[SourceVersion "1"]
[SourceVersionDate "2023.01.31"]
[SourceQuality "1"]

1. Nf3 Nf6 2. g3 b5 3. Bg2 Bb7 4. 0-0 e6 5. d3 d5 6. Nbd2 Be7 7. e4 c5 8. Re1 Nc6 9. c3 0-0 10. e5 Nd7 11. Nf1 Nb6 12. d4 b4 13. h4 a5 14. Bg5 a4 15. dxc5 Nd7 16. cxb4 Nxb4 17. Rc1 Bxg5 18. hxg5 Qa5 19. Qd4 Nxa2 20. g6 Nxc1 21. Rxc1 hxg6 22. c6 Rac8 23. Ng5 Rxc6 24. Rxc6 Bxc6 25. Qh4 Re8 26. Qh7+ Kf8 27. Qh8+ Ke7 28. Qxg7 Rf8 29. Bh3 Qc7 30. Nxe6 Qxe5 31. Qxe5 Nxe5 32. Nxf8 Kxf8 33. Ne3 d4 0-1

[Event "Speed Chess Q2"]
[Site "Chess.com INT"]
[Date "2022.11.12"]
[Round "10"]
[White "Firat, Burak"]
[Black "Koc, Przemyslaw"]
[Result "1-0"]
[WhiteElo "2460"]
[BlackElo "2346"]
[PlyCount "82"]
[EventDate "2022.11.12"]
[EventType "swiss (blitz)"]
[EventRounds "14"]
[EventCountry "USA"]
[SourceTitle "CBM 211 Extra"]
[Source "ChessBase"]
[SourceDate "2023.01.31"]
[SourceVersion "1"]
[SourceVersionDate "2023.01.31"]
[SourceQuality "1"]

1. e4 e5 2. Nf3 Nf6 3. d3 Nc6 4. Be2 d5 5. Nbd2 Be7 6. 0-0 0-0 7. c3 h6 8. Qc2 Be6 9. Re1 Qd7 10. b4 a6 11. a4 d4 12. Ba3 dxc3 13. Qxc3 Bd6 14. Nb3 Qe7 15. Nc5 a5 16. b5 Nd4 17. Nxd4 exd4 18. Qxd4 Bc8 19. Qc3 b6 20. Na6 Bxa6 21. Bxd6 cxd6 22. bxa6 Rxa6 23. d4 Raa8 24. Bb5 Rac8 25. Qe3 Rc2 26. h3 Rfc8 27. e5 Nd5 28. Qf3 Nb4 29. Rad1 d5 30. Qg4 R8c3 31. e6 f6 32. Qg6 Rb2 33. Be8 Rcc2 34. Bf7+ Kh8 35. Rc1 Rc4 36. Rxc4 dxc4 37. Qe4 h5 38. Qa8+ Kh7 39. Qg8+ Kh6 40. Qh8+ Kg5 41. Qxh5+ Kf4 1-0

[Event "Speed Chess Q2"]
[Site "Chess.com INT"]
[Date "2022.11.12"]
[Round "8"]
[White "Firat, Burak"]
[Black "Oparin, Grigoriy"]
[Result "0-1"]
[WhiteElo "2460"]
[BlackElo "2683"]
[PlyCount "112"]
[EventDate "2022.11.12"]
[EventType "swiss (blitz)"]
[EventRounds "14"]
[EventCountry "USA"]
[SourceTitle "CBM 211 Extra"]
[Source "ChessBase"]
[SourceDate "2023.01.31"]
[SourceVersion "1"]
[SourceVersionDate "2023.01.31"]
[SourceQuality "1"]

1. e4 c5 2. Nf3 d6 3. d4 cxd4 4. Nxd4 Nf6 5. Nc3 Nc6 6. Bg5 e6 7. Qd2 a6 8. 0-0-0 Bd7 9. f3 Nxd4 10. Qxd4 Be7 11. h4 Qc7 12. g4 h5 13. gxh5 Rxh5 14. f4 Rc8 15. Be2 Rh8 16. Kb1 Qc5 17. Qd3 Bc6 18. Bf3 b5 19. Ne2 e5 20. Ng3 g6 21. h5 Qc4 22. hxg6 Rxh1 23. gxf7+ Kxf7 24. Rxh1 Qxd3 25. cxd3 b4 26. Bd1 exf4 27. Bxf4 a5 28. Bb3+ d5 29. e5 Ng8 30. d4 a4 31. Bc2 Bd7 32. Rh7+ Ke8 33. Rh8 Be6 34. Bxa4+ Kd8 35. Bc2 Kd7 36. Rh7 Rf8 37. Nh5 Bg4 38. Bc1 Rf2 39. Rg7 Bxh5 40. Rxg8 Rf1 41. Rg7 Ke8 42. a4 bxa3 43. Rxe7+ Kxe7 44. bxa3 Be8 45. a4 Bc6 46. Kb2 Rf2 47. Kc3 Kd7 48. Ba3 Rf3+ 49. Kb4 Bb7 50. Bb2 Ba6 51. a5 Kc7 52. Ba4 Rf2 53. Bc3 Rf1 54. Bd2 Rb1+ 55. Kc5 Ra1 56. Bb3 Rb1 0-1

[Event "Speed Chess Q2"]
[Site "Chess.com INT"]
[Date "2022.11.12"]
[Round "4"]
[White "Firat, Burak"]
[Black "Shimanov, Aleksandr"]
[Result "1-0"]
[WhiteElo "2460"]
[BlackElo "2581"]
[PlyCount "63"]
[EventDate "2022.11.12"]
[EventType "swiss (blitz)"]
[EventRounds "14"]
[EventCountry "USA"]
[SourceTitle "CBM 211 Extra"]
[Source "ChessBase"]
[SourceDate "2023.01.31"]
[SourceVersion "1"]
[SourceVersionDate "2023.01.31"]
[SourceQuality "1"]

1. e4 d5 2. Nc3 dxe4 3. Nxe4 Qd5 4. Nc3 Qe5+ 5. Qe2 Qxe2+ 6. Bxe2 c6 7. Nf3 Nf6 8. d3 Na6 9. a3 g6 10. Rb1 Bg7 11. b4 Nc7 12. Bd2 0-0 13. 0-0 Ncd5 14. Na4 b6 15. c4 Nc7 16. Ne5 Ne4 17. Bf4 Ne6 18. Nxc6 Nxf4 19. Bf3 Bd7 20. Bxe4 Rae8 21. Rfd1 f5 22. Bf3 e5 23. b5 Rf7 24. Bd5 Nxd5 25. cxd5 e4 26. dxe4 Rxe4 27. Rb4 Bf8 28. Rxe4 fxe4 29. Nxa7 Bxa3 30. Nc6 Bg4 31. Re1 Ra7 32. Nxa7 1-0

[Event "Speed Chess Q2"]
[Site "Chess.com INT"]
[Date "2022.11.12"]
[Round "12"]
[White "Firat, Burak"]
[Black "Urazayev, Arystanbek"]
[Result "1-0"]
[WhiteElo "2460"]
[BlackElo "2458"]
[PlyCount "103"]
[EventDate "2022.11.12"]
[EventType "swiss (blitz)"]
[EventRounds "14"]
[EventCountry "USA"]
[SourceTitle "CBM 211 Extra"]
[Source "ChessBase"]
[SourceDate "2023.01.31"]
[SourceVersion "1"]
[SourceVersionDate "2023.01.31"]
[SourceQuality "1"]

1. e4 c6 2. d4 d5 3. Nc3 dxe4 4. Nxe4 Bf5 5. Ng3 Bg6 6. h4 h6 7. Nf3 e6 8. Ne5 Bh7 9. Bd3 Bxd3 10. Qxd3 Nf6 11. Bd2 Nbd7 12. Qe2 c5 13. 0-0-0 cxd4 14. Nf5 Nxe5 15. Qxe5 Qd5 16. Qxd5 Nxd5 17. Nxd4 Bc5 18. c4 Bxd4 19. cxd5 Bxf2 20. Bb4 0-0-0 21. Rhf1 Bxh4 22. Rxf7 Rxd5 23. Rxd5 exd5 24. Bd6 Bd8 25. Rxg7 Re8 26. Kd2 Re6 27. Bf4 h5 28. Rf7 h4 29. Rg7 Re4 30. Bh2 a5 31. Kd3 a4 32. Bd6 Re6 33. Bf4 Rb6 34. Be5 Re6 35. Kd4 a3 36. bxa3 Ra6 37. Kxd5 Rxa3 38. Rg8 Rxa2 39. Bf6 Rd2+ 40. Ke6 Kc7 41. Bxd8+ Rxd8 42. Rg4 Rh8 43. Kd5 Kb6 44. Kc4 Ka5 45. Rg5+ Ka4 46. Rg4 b5+ 47. Kc5+ Ka5 48. Rg7 Rc8+ 49. Kd4 Kb4 50. Kd3 Rc4 51. Kd2 Rf4 52. g3 1-0

[Event "Speed Chess Q2"]
[Site "Chess.com INT"]
[Date "2022.11.12"]
[Round "5"]
[White "Indjic, Aleksandar"]
[Black "Firat, Burak"]
[Result "1-0"]
[WhiteElo "2631"]
[BlackElo "2460"]
[PlyCount "67"]
[EventDate "2022.11.12"]
[EventType "swiss (blitz)"]
[EventRounds "14"]
[EventCountry "USA"]
[SourceTitle "CBM 211 Extra"]
[Source "ChessBase"]
[SourceDate "2023.01.31"]
[SourceVersion "1"]
[SourceVersionDate "2023.01.31"]
[SourceQuality "1"]

1. d4 d5 2. c4 e6 3. Nf3 Nf6 4. Nc3 c6 5. Bg5 h6 6. Bxf6 Qxf6 7. e3 g6 8. Ne5 Nd7 9. f4 Bg7 10. Qd2 0-0 11. h4 c5 12. g4 cxd4 13. exd4 Nxe5 14. dxe5 Qd8 15. g5 dxc4 16. 0-0-0 Qxd2+ 17. Rxd2 a6 18. Bg2 Ra7 19. Ne4 b5 20. h5 Bb7 21. Nf6+ Bxf6 22. gxf6 Bxg2 23. Rxg2 g5 24. fxg5 hxg5 25. Rxg5+ Kh8 26. h6 Rd7 27. h7 b4 28. Rhg1 Rdd8 29. Kc2 a5 30. R1g4 Rc8 31. a3 c3 32. axb4 cxb2+ 33. Kxb2 Rb8 34. Rg8+ 1-0